|
|
|
|
| LEADER |
00000cas a2200000 a 4500 |
| 001 |
vtls010298248 |
| 003 |
SK-MaSNL |
| 005 |
20260228162718.0 |
| 008 |
110809d19221928xo sr|n r 0 b0slo |
| 040 |
|
|
|a SNK
|b slo
|c SNK
|e AACR2
|
| 041 |
0 |
|
|a slo
|
| 044 |
|
|
|a xo
|c SK
|
| 072 |
|
7 |
|a 656.2
|x Železničná doprava
|2 konspekt
|
| 072 |
|
7 |
|a 625
|x Pozemné komunikácie. Železničné staviteľstvo
|2 konspekt
|
| 080 |
|
|
|a 625.1
|2 2011
|
| 080 |
|
|
|a 656.2
|2 2011
|
| 080 |
|
|
|a (051)-027.561
|2 2011
|
| 080 |
|
|
|a 050
|2 2011
|
| 245 |
0 |
0 |
|a Náš železničiar
|b orgán Medzinárodnej Federácie Železničiarov
|
| 260 |
|
|
|a Vrútky
|b Miestna odborová rada Vrútky
|c 1922-1928
|f Bratstvo
|
| 260 |
3 |
|
|3 1928
|a Vrútky
|b M. V. S., sekcia železničná v Č. S. R.
|f Bratstvo
|
| 300 |
|
|
|a 7 zv.
|c 42 x 29 cm
|
| 310 |
|
|
|a 2x mesačne
|b (15.10.1922)-1928
|
| 321 |
|
|
|a 1x mesačne
|b 1922
|
| 362 |
0 |
|
|a Roč. I, č. 1 (1.9.1922)-roč. VII, č. 13 (25.7.1928)
|
| 500 |
|
|
|a Zmena podnázvu: od č. 3 (5. febr. 1926) Orgán Medzinárodného všeodborového sväzu v ČSR sekcie železničiarov
|
| 500 |
|
|
|a Red.: Štefan Darula ; od č. 3 (5. febr. 1926) Ľudevít Vydra
|
| 500 |
|
|
|a Maj. a vyd. Miestna odborová rada na Vrútkach ; od č. 8 (25. apr. 1928) M. V. S., sekcia železničná v Č. S. R.
|
| 500 |
|
|
|a Tlač. Bratstvo
|
| 500 |
|
|
|a Vyšiel 1. septembra 1922, zanikol 25. júla 1928. Zaniknutie časopisu vzal na vedomie Okresný úrad v Martine výmerom čís. 21665/1929 zo dňa 12. aug. 1929
|
| 650 |
0 |
7 |
|a železnice
|2 SNKPH
|9 20511
|
| 650 |
0 |
7 |
|a železničná doprava
|2 SNKPH
|9 3185
|
| 655 |
|
7 |
|a odborné časopisy
|2 SNKPH
|9 70505
|
| 700 |
1 |
|
|a Daruľa, Štefan,
|d 1888-1951
|4 red
|9 192209
|
| 700 |
1 |
|
|a Vydra, Ľudovít
|4 red
|9 271893
|
| 710 |
2 |
|
|a Medzinárodný všeodborový zväz v ČSR.
|b Sekcia železničná.
|b Miestna odborová rada Vrútky
|4 pbl
|9 271894
|
| 710 |
2 |
|
|a Bratstvo (kníhtlačiareň : Vrútky, Slovensko)
|4 prt
|9 158389
|
| 910 |
|
|
|a snk
|
| 916 |
|
|
|a 1922-1926
|
| 999 |
|
|
|c 8239
|d 10169
|
| 952 |
|
|
|0 0
|1 0
|3 rekatalogizácia
|4 0
|7 0
|8 5
|a SNK
|b SNK
|d 2010-03-15
|i snkF 2924/68
|l 0
|o snkČSA 42/5/1926 D1
|p 17A0648587
|r 2026-02-21 19:31:55
|t č. 1-24, neúplné
|w 2026-02-21
|y PREZ
|z Chýba č. 3, 4, 15-24
|
| 952 |
|
|
|0 0
|1 0
|4 0
|7 0
|a SNK
|b SNK
|d 2012-08-30
|i snk3119/29
|l 0
|o snkČSA 42/1/1922
|p 17A0722430
|r 2026-02-21 20:23:34
|t č. 1-7
|w 2026-02-21
|y PREZ
|
| 952 |
|
|
|0 0
|1 0
|4 0
|7 0
|a SNK
|b SNK
|d 2012-08-30
|i snk3116/29
|l 0
|o snkČSA 42/2/1923
|p 17A0722432
|r 2026-02-21 20:23:34
|t č. 1-24
|w 2026-02-21
|y PREZ
|
| 952 |
|
|
|0 0
|1 0
|4 0
|7 0
|a SNK
|b SNK
|d 2012-08-30
|i snk3117/29
|l 0
|o snkČSA 42/3/1924
|p 17A0722431
|r 2026-02-21 20:23:34
|t č. 1-24, neúplné
|w 2026-02-21
|y PREZ
|z Chýba č. 6
|
| 952 |
|
|
|0 0
|1 0
|4 0
|7 0
|a SNK
|b SNK
|d 2012-08-30
|i snk3118/29
|l 0
|o snkČSA 42/4/1925
|p 17A0722434
|r 2026-02-21 20:23:34
|t č. 1-24
|w 2026-02-21
|y PREZ
|
| 952 |
|
|
|0 0
|1 0
|4 0
|7 0
|8 5
|a SNK
|b SNK
|d 2012-08-30
|i snkČSF 819/56
|l 0
|o snkČSA 42/5/1926
|p 17A0722433
|r 2026-02-21 20:23:34
|t č. 1-24, neúplné
|w 2026-02-21
|y PREZ
|z Chýba č. 15-24
|